Comparative study of altruism, security-insecurity of high and low creative secondary school students of Rewari (Record no. 88036)

MARC details
000 -LEADER
fixed length control field 00388nam a2200133Ia 4500
008 - FIXED-LENGTH DATA ELEMENTS--GENERAL INFORMATION
fixed length control field 230917s9999||||xx |||||||||||||| ||und||
040 ## - CATALOGING SOURCE
-- 96122
Original cataloging agency VIVEKANANDA LIBRARY
041 ## - Language
-- English
082 ## - DDC NUMBER
Classification number 370 S23C
100 ## - MAIN ENTRY--PERSONAL NAME
Personal name Sharma, Meenakshi
245 #0 - TITLE STATEMENT
Title Comparative study of altruism, security-insecurity of high and low creative secondary school students of Rewari
300 ## - PHYSICAL DESCRIPTION
Pages 44 p.
942 ## - ADDED ENTRY ELEMENTS (KOHA)
Koha item type Thesis
Holdings
Withdrawn status Lost status Damaged status Not for loan Location (home branch) Sublocation or collection (holding branch) Date acquired Koha issues (times borrowed) Koha full call number Accession No. Koha date last seen Koha item type
        VIVEKANANDA LIBRARY VIVEKANANDA LIBRARY 07/08/2003   370 S23C 168300 17/09/2023 Thesis
© Designed and Maintained by Vivekananda Library, MDU Rohtak